Statistics for Airlines of Taiwan

Click here to take the quiz!

General Stats

  • This quiz has been taken 10 times
  • The average score is 6 of 11

Answer Stats

HintAnswer% Correct
1.China Airlines
90%
9. CargoChina Airlines Cargo
90%
3.EVA Air
90%
10. CargoEVA Air Cargo
90%
5.Starlux Airlines
50%
11. CargoStarlux Cargo
50%
4.Mandarin Airlines
40%
7.Tigerair Taiwan
40%
2.Daily Air
20%
6.Dapeng Airlines
20%
8.Uni Air
20%

Score Distribution

Percentile by Number Answered

Percent of People with Each Score

Your Score History

You have not taken this quiz